| 000 | 00604nam a2200217Ia 4500 | ||
|---|---|---|---|
| 008 | 220216s9999 xx 000 0 und d | ||
| 100 | _aPhilip A | ||
| 245 | 0 | _aIntegrating organic manure to reduce chemical fertilizer input and enhance growth in young rubber plantations | |
| 260 |
_bJournal of Plantation Crops _c2012 |
||
| 300 | _a158-162 | ||
| 650 | _aFertilizer | ||
| 650 | _aImmature rubber | ||
| 650 | _aOrganic manure | ||
| 650 | _aSoil health | ||
| 700 | _aJessy M D | ||
| 700 | _aJoseph K | ||
| 700 | _aNair N U | ||
| 700 | _aSyamala V K | ||
| 700 | _aVarghese Mary | ||
| 942 | _cBS | ||
| 999 |
_c48557 _d48557 |
||